Loading...
| Beliefs | 5 | 8.00 | 80% | 80% | 40% |
| British and Commonwealth History | 1 | 10.00 | 400% | 0% | 0% |
| Fine Arts - Auditory | 2 | 20.00 | 200% | 100% | 200% |
| Fine Arts - Visual | 1 | 20.00 | 0% | 200% | 200% |
| Geography | 1 | 0.00 | 0% | 0% | 0% |
| History - American | 2 | 5.00 | 0% | 100% | 0% |
| History - European | 3 | 10.00 | 267% | 67% | 0% |
| History - World | 1 | 10.00 | 0% | 200% | 0% |
| Literature - American | 2 | 10.00 | 200% | 100% | 0% |
| Literature - British | 5 | 14.00 | 240% | 80% | 80% |
| Literature - European | 1 | 0.00 | 0% | 0% | 0% |
| Other Academic | 1 | 0.00 | 0% | 0% | 0% |
| Other Arts: Auditory | 1 | 0.00 | 0% | 0% | 0% |
| Other Arts: Visual | 1 | 0.00 | 0% | 0% | 0% |
| Other Science: Computer Science | 1 | 10.00 | 0% | 200% | 0% |
| Other Science: Earth Science | 1 | 10.00 | 0% | 200% | 0% |
| Philosophy | 2 | 5.00 | 0% | 0% | 100% |
| Science - Biology | 3 | 6.67 | 133% | 67% | 0% |
| Science - Chemistry | 2 | 15.00 | 400% | 100% | 0% |
| Science - Physics | 1 | 10.00 | 0% | 0% | 200% |
| Social Science | 3 | 6.67 | 0% | 0% | 133% |
| World and Other Literature | 5 | 10.00 | 160% | 0% | 120% |